000 00883cam a2200277 a 4500
001 2542
003 FISKH
005 20240610115756.0
008 970328s1998 nyu c 000 1 eng
010 _a 97011762
020 _a0590188925
020 _a9780590579643
040 _aDLC
_cDLC
_dDLC
_beng
042 _alcac
050 0 0 _aPZ7.P52112
082 0 0 _a[Fic]
100 1 _aPhilbrick, Rodman
245 1 0 _aMax the Mighty /
_cRodman Philbrick.
260 _aNew York :
_bBlue Sky Press,
_c1998.
300 _a166 pages :
_c18 cm
520 _aFourteen-year-old Max helps a younger girl escape from her abusive stepfather by running away with her to the distant town of Chivalry, Montana, searching for her real father.
650 1 _aRunaways
_xFiction.
650 1 _aFriendship
_xFiction.
906 _a7
_bcbc
_corignew
_d1
_eocip
_f19
_gy-gencatlg
942 _2ddc
_cBK
_n0
999 _c2542
_d2542